<?xml version="1.0" encoding="UTF-8"?>
<record
    xmlns:xsi="http://www.w3.org/2001/XMLSchema-instance"
    xsi:schemaLocation="http://www.loc.gov/MARC21/slim http://www.loc.gov/standards/marcxml/schema/MARC21slim.xsd"
    xmlns="http://www.loc.gov/MARC21/slim">

  <leader>00563nam a22001937a 4500</leader>
  <controlfield tag="005">20250707125107.0</controlfield>
  <datafield tag="010" ind1=" " ind2=" ">
    <subfield code="a">ENG-145733</subfield>
  </datafield>
  <datafield tag="020" ind1=" " ind2=" ">
    <subfield code="a">9789357431736</subfield>
    <subfield code="c">145.00</subfield>
  </datafield>
  <datafield tag="035" ind1=" " ind2=" ">
    <subfield code="a">EN-129265</subfield>
  </datafield>
  <datafield tag="037" ind1=" " ind2=" ">
    <subfield code="b">DBAD/</subfield>
  </datafield>
  <datafield tag="082" ind1=" " ind2=" ">
    <subfield code="a">025.4</subfield>
  </datafield>
  <datafield tag="100" ind1=" " ind2=" ">
    <subfield code="a">Manjiri Prabhu</subfield>
    <subfield code="9">82671</subfield>
  </datafield>
  <datafield tag="245" ind1=" " ind2=" ">
    <subfield code="a">The Rampur Raza Mystery</subfield>
    <subfield code="c">Manjiri Prabhu</subfield>
  </datafield>
  <datafield tag="260" ind1=" " ind2=" ">
    <subfield code="b">National Book Trust</subfield>
    <subfield code="a">New Delhi</subfield>
  </datafield>
  <datafield tag="270" ind1=" " ind2=" ">
    <subfield code="a">Nehru Bhawan,5 Institutional Area, Phase-2 , Basant Kunj , Delhi-110070</subfield>
  </datafield>
  <datafield tag="300" ind1=" " ind2=" ">
    <subfield code="a">164 p.</subfield>
    <subfield code="c">21.5m(pb)</subfield>
  </datafield>
  <datafield tag="700" ind1=" " ind2=" ">
    <subfield code="9">82641</subfield>
  </datafield>
  <datafield tag="942" ind1=" " ind2=" ">
    <subfield code="2">ddc</subfield>
    <subfield code="c">EN</subfield>
    <subfield code="h">025.4</subfield>
    <subfield code="m">Pra</subfield>
  </datafield>
  <datafield tag="999" ind1=" " ind2=" ">
    <subfield code="c">212162</subfield>
    <subfield code="d">212162</subfield>
  </datafield>
  <datafield tag="952" ind1=" " ind2=" ">
    <subfield code="0">0</subfield>
    <subfield code="1">0</subfield>
    <subfield code="4">0</subfield>
    <subfield code="7">0</subfield>
    <subfield code="8">NFIC</subfield>
    <subfield code="a">M</subfield>
    <subfield code="b">M</subfield>
    <subfield code="d">2025-07-07</subfield>
    <subfield code="e">DBAD</subfield>
    <subfield code="g">145.00</subfield>
    <subfield code="l">0</subfield>
    <subfield code="o">025.4 Pra</subfield>
    <subfield code="p">EN-129265</subfield>
    <subfield code="r">2025-07-07 00:00:00</subfield>
    <subfield code="t">1</subfield>
    <subfield code="v">145.00</subfield>
    <subfield code="w">2025-07-07</subfield>
    <subfield code="y">EN</subfield>
  </datafield>
  <datafield tag="952" ind1=" " ind2=" ">
    <subfield code="0">0</subfield>
    <subfield code="1">0</subfield>
    <subfield code="4">0</subfield>
    <subfield code="7">1</subfield>
    <subfield code="8">NFIC</subfield>
    <subfield code="a">DBAD</subfield>
    <subfield code="b">DBAD</subfield>
    <subfield code="d">2025-07-07</subfield>
    <subfield code="e">DBAD</subfield>
    <subfield code="g">599.00</subfield>
    <subfield code="l">0</subfield>
    <subfield code="o">025.4 Pra</subfield>
    <subfield code="p">EN-129290</subfield>
    <subfield code="r">2025-07-07 00:00:00</subfield>
    <subfield code="t">1</subfield>
    <subfield code="v">599.00</subfield>
    <subfield code="w">2025-07-07</subfield>
    <subfield code="y">EN</subfield>
  </datafield>
</record>
